000 00737nam a2200217Ia 4500
003 GCL
008 140319s9999 xx 000 0 ara d
020 _a3011358977
040 _aGCL /
_cGCL
082 0 4 _aق
_b913.031
_bت ت
100 1 _aاحمد ابراهيم عطية
245 1 0 _aتكنولوجيا المواد وصيانة المبانى الاثرية /
_cاحمد ابراهيم عطية
700 1 _aتوراكا، جورجيو
250 _aالاولى
260 _aالقاهرة :
_bدار الفجر للنشر والتوزيع ،
_c2003
300 _a278 ص ؛
_c24 سم
650 0 4 _aمصر - الاثار
650 0 4 _aالمبانى - صيانة
650 0 4 _aالاثار - ترميم
942 _2ddc
_cBK
999 _c5207
_d5207